Aircraft Names - Statistics

General Stats
  • This quiz has been taken 32 times
  • The average score is 9 of 12
Answer Stats
Picture Answer % Correct
777
90%
767
87%
737
83%
320
77%
747
77%
340
70%
380
70%
757
70%
787
70%
330
67%
321
63%
350
60%
No matching quizzes found
Score Distribution
Percent of People with Each Score
Percentile by Number Answered
Your Score History
You have not taken this quiz